ENGLISH LANGUGUAGE FOR LIFE 1; TẬP 1

Đã lưu trong:
書目詳細資料
主要作者: PHUONG LINH
格式: 圖書
語言:English
出版: HỒNG ĐỨC 2011
主題:
標簽: 添加標簽
沒有標簽, 成為第一個標記此記錄!
Thư viện lưu trữ: Mạng thư viện Đại học Đà Nẵng
LEADER 01031nam a22003131a 4500
001 000035266
003 11543
005 20151110000000.0
008 151110s2011 000 eng
041 |a eng 
082 |a 420.8  |b PH-L 
100 |a PHUONG LINH 
245 |a ENGLISH LANGUGUAGE FOR LIFE 1; TẬP 1  |c Phương Linh 
260 |a HỒNG ĐỨC  |c 2011 
650 |a ENGLISH LANGUGUAGE FOR LIFE 1; TẬP 1;2011; PHƯƠNG LINH 
852 |b Chuyên đề  |c Tiếng Anh tham khảo 1 
OWN |a LNN 
AVA |a UDN50  |b LNN  |d 420.8 PH-L  |e available  |t Error 5001 Not defined in file expand_doc_bib_avail.  |f 2  |g 0  |h N  |i 0  |k 1 
999 |a From the UDN01 
AVA |a UDN50  |b LNN  |d 420.8 PH-L  |e available  |t Error 5001 Not defined in file expand_doc_bib_avail.  |f 2  |g 0  |h N  |i 0  |k 1 
TYP |a Monograph 
TYP |a Printed language 
980 |a Mạng thư viện Đại học Đà Nẵng